| 000 | 00847nam a2200265 a 4500 | ||
|---|---|---|---|
| 001 | 61996 | ||
| 003 | BD-RjUL | ||
| 005 | 20211209081028.0 | ||
| 008 | 170122s1990 ilu b 000 0 eng | ||
| 020 | _a1556232624 | ||
| 035 | _a(BD-RjUL)62121 | ||
| 040 |
_aDLC _cDLC _dDLC _dBD-RjUL _beng |
||
| 041 | _aeng | ||
| 082 | 0 | 0 |
_223 _a658.40014 _bSHM 1990 |
| 100 | 1 |
_aShaw, Gary. _d1952- _9184485 |
|
| 245 | 1 | 0 |
_aManagerial literacy : _bwhat today's managers must know to succeed / _cGary Shaw and Jack Weber. |
| 260 |
_aHomewood, Ill. : _bDow Jones-Irwin, _cc1990. |
||
| 300 |
_axvi, 198 p. ; _c24 cm. |
||
| 504 | _aIncludes bibliographical references. | ||
| 650 | 0 |
_aManagement _xTerminology. _9184486 |
|
| 650 | 0 |
_aExecutives _xLanguage. _9184487 |
|
| 650 | 0 |
_aExecutive ability. _9184488 |
|
| 700 | 1 |
_aWeber, Jack. _d1940- _9184489 |
|
| 942 |
_2ddc _cBK |
||
| 999 |
_c61996 _d61996 |
||